2014 TV Shows by Cast Photo Quiz Stats

 Plays Quiz Updated Jan 18, 2016

Challenge
Share
Tweet
Score 0/20 Timer 07:00
5 Plays Today
% Correct
The Flash
86.4%
Gotham
78%
Fargo
73.3%
24: Live Another Day
73%
How to Get Away with Murder
69.5%
Black-ish
67.6%
True Detective
58.5%
Girl Meets World
53.9%
Jane the Virgin
52.6%
Last Week Tonight with John Oliver
44.8%
% Correct
BoJack Horseman
43.9%
Silicon Valley
41.6%
Transparent
39%
Cosmos: A Spacetime Odyssey
38.2%
The 100
36.8%
Penny Dreadful
32.9%
NCIS: New Orleans
30.4%
Chicago P.D.
27.8%
Outlander
21%
Mozart in the Jungle
11.6%

You're not logged in!

Compare scores with friends on all Sporcle quizzes.
OR
Log In

You Might Also Like...

Show Comments

Extras

Top Quizzes Today


Score Distribution

Your Account Isn't Verified!

In order to create a playlist on Sporcle, you need to verify the email address you used during registration. Go to your Sporcle Settings to finish the process.

Report this User

Report this user for behavior that violates our Community Guidelines.

Details: